000 00702nam a2200145 a 4500
008 220413s2018 ||||||||||||||||| || u
050 _aCBU-PG THESIS/BAN
100 _aBanda, Yvonne Tafere
245 1 4 _aThe change in legislation on retirement age: impact on expected retirement age for individual workers
_cBy Yvonne Tafere Banda
260 _aKitwe
_bCopperbelt University
_c2018
300 _ax, 41 pages [various pages] : illustrations
650 _aHUMAN RESOURCE MANAGEMENT--ZAMBIA
650 _aRETIREMENT AGE--LAW AND LEGISLATION--ZAMBIA
995 _FCBU-MAIN LIBRARY (Kitwe)
_UAVAILABLE
_WApr 26, 2022
_ZMain Library Open Access Collection
999 _c37066
_d37066